Statistiche per Gran Galà del calcio AIC 2021

Clicka qui per fare il quiz!

Statistiche generali

  • Questo quiz è stato fatto 39 volte
  • Il punteggio medio è 14 su 17

Statistiche sulle risposte

CategoriaNazioneSquadraCalciatore% Corretto
Squadra dell'anno: DifensoreMarocco InterAchraf Hakimi
100%
Squadra dell'anno: AttaccantePortogallo JuventusCristiano Ronaldo
100%
Squadra dell'anno: CentrocampistaCosta d'Avorio MilanFranck Kessié
100%
Squadra dell'anno: AttaccanteColombia AtalantaLuis Muriel
100%
Squadra dell'anno: CentrocampistaItalia InterNicolò Barella
100%
Migliore calciatore assolutoBelgioInterRomelu Lukaku
100%
Squadra dell'anno: AttaccanteBelgioInterRomelu Lukaku
100%
Squadra dell'anno: DifensorePaesi Bassi InterStefan de Vrij
100%
Squadra dell'anno: PortiereItalia MilanGianluigi Donnarumma
97%
Squadra dell'anno: DifensoreFrancia MilanTheo Hernández
97%
Squadra dell'anno: DifensoreItalia InterAlessandro Bastoni
94%
Migliore allenatoreItaliaInterAntonio Conte
91%
Miglior società--Inter
85%
Migliore arbitro--Daniele Orsato
65%
Squadra dell'anno: CentrocampistaItalia JuventusFederico Chiesa
47%
Gol dell'annoItaliaHellas VeronaMattia Zaccagni
6%
Migliore calciatore della Serie BItaliaEmpoliSamuele Ricci
6%

Distribuzione punteggi

Percentile per numero di risposta

Percentuale di utenti per punteggio

I tuoi punteggi nel tempo

Non hai fatto questo quiz